Statistics for EXO TRIVIA #1

Click here to take the quiz!

General Stats

  • This quiz has been taken 1,448 times
  • The average score is 9 of 15

Answer Stats

HintAnswer% Correct
Who started the 'kkaebsong' catchphrase?Baekhyun
95%
Which member is nicknamed 'kkamjong'?Kai
94%
Who was featured first in EXO's pre-debut teaser?Kai
94%
The official cook in the EXO dorm?D.O.
92%
Suho's power in MAMA?Water
82%
Who, in EXO's Showtime, brought ddeokbokki in episode 4?Lay
80%
In the EXODUS teasers, who was filmed in Berlin?Xiumin
72%
During the EXO's Showtime, in which episode did EXO do noraebang?Episode 11
45%
In which album does Love Love Love belong in?Overdose
42%
In which era was Baekhyun's hair dyed magenta?Wolf
42%
Who sang in the Mandarin version of What Is Love?Chen, Luhan
27%
What is the title of EXO's mini album that was released in 2013Miracles In December
24%
Who accompanied Tao, Kris and Luhan to Namsan Tower?Baekhyun, D.O.
22%
When did Luhan leave EXO?October, 2014
22%
'Play another slow jam/this is my property'- in which song do these lines belong to?Tell Me What Is Love
20%

Score Distribution

Percentile by Number Answered

Percent of People with Each Score

Your Score History

You have not taken this quiz